000 00909nam a22002417i 4500
003 DO-SdBNP
005 20260607010642.0
007 ta
008 201116b 1977 dr 00| 0 eng d
040 _aDO-SdBNP
_bspa
_cBNPHU
_erda
082 4 _a530.81
_bIn59
_222
110 _4Instituto Dominicano de Tecnología Industrial (INDOTEC)
245 1 0 _aGuía para el uso del sistema internacional de unidades :
_bdefiniciones y tablas de equivalencias /
264 4 _aSanto Domingo : D.N. República Dominica
_bEditora Instituto Dominicano de Tecnología Industrial,
_c1977
300 _a51 páginas ;
_c21 cm
336 _atexto
_btxt
_2rdacontent
337 _asin mediación
_bn
_2rdamedia
338 _avolumen
_bnc
_2rdacarrier
590 _aInventariado, 2024/BT
650 7 _2Armarc
_aUnidad de Medición
_vGuía
_989915
710 2 _aInstituto Dominicano de Tecnología Industrial
_977244
942 _2ddc
_cLFPD
999 _c49133
_d49133